Relationship Between Economic Complexity, Globalization, Energy Sources and Environmental Sustainability

Táto štúdia skúma vzťah medzi ekonomickou zložitosťou, globalizáciou, vzormi spotreby energie a emisiami CO2 v 12 rozvíjajúcich sa ekonomikách dovážajúcich energiu od roku 1996 do roku 2020. Pomocou panelovej analýzy údajov sa využíva model autoregresného distribuovaného oneskorenia (ARDL). Zistenia...

ver descrição completa

Na minha lista:
Detalhes bibliográficos
Autor principal: Naimoğlu, Mustafa
Outros Autores: Akal, Mustafa
Formato: Capítulo de Livro
Idioma:inglês
Assuntos:
Tags: Adicionar Tag
Sem tags, seja o primeiro a adicionar uma tag!

MARC

LEADER 00000naa a2200000 4500
001 0307123
005 20250218131332.8
041 0 |a eng 
044 |a CZ 
245 1 0 |a Relationship Between Economic Complexity, Globalization, Energy Sources and Environmental Sustainability  |c Mustafa Naimoğlu, Mustafa Akal 
520 |a Táto štúdia skúma vzťah medzi ekonomickou zložitosťou, globalizáciou, vzormi spotreby energie a emisiami CO2 v 12 rozvíjajúcich sa ekonomikách dovážajúcich energiu od roku 1996 do roku 2020. Pomocou panelovej analýzy údajov sa využíva model autoregresného distribuovaného oneskorenia (ARDL). Zistenia odhaľujú vzťah v tvare písmena U medzi ekonomickou zložitosťou a znečistením ovzdušia, čo podporuje teóriu environmentálnej Kuznetsovej krivky (EKC). Obnoviteľná energia preukazuje významnú schopnosť dlhodobo znižovať emisie CO2, zatiaľ čo používanie fosílnych palív zhoršuje zhoršovanie životného prostredia. 
610 2 0 |a environmentalistika 
610 2 0 |a ekonomika 
610 2 0 |a energetika 
610 2 0 |a globalizácia 
610 2 0 |a emisie 
100 1 |a Naimoğlu, Mustafa 
700 1 |a Akal, Mustafa